Anales de química (Record no. 143)
[ view plain ]
| 000 -LEADER | |
|---|---|
| campo de control de longitud fija | 00727nas a2200253 i 4500 |
| 001 - NÚMERO DE CONTROL | |
| campo de control | 143 |
| 003 - IDENTIFICADOR DE NÚMERO DE CONTROL | |
| campo de control | ES-MaACL |
| 005 - FECHA Y HORA DE LA ÚLTIMA TRANSACCIÓN | |
| campo de control | 20250723094618.0 |
| 007 - CAMPO FIJO DE DESCRIPCIÓN FÍSICA--INFORMACIÓN GENERAL | |
| campo de control de longitud fija | t| |
| 008 - DATOS DE LONGITUD FIJA--INFORMACIÓN GENERAL | |
| campo de control de longitud fija | 950801d18671868sp e| | 1 ||pa d |
| 080 ## - NÚMERO DE LA CLASIFICACIÓN DECIMAL UNIVERSAL | |
| Número de la Clasificación Decimal Universal | 54 |
| 080 ## - NÚMERO DE LA CLASIFICACIÓN DECIMAL UNIVERSAL | |
| Número de la Clasificación Decimal Universal | 615 |
| 245 00 - MENCIÓN DEL TÍTULO | |
| Título | Anales de química |
| Resto del título | : monitor de química y farmacia de las ciencias auxiliares en sus aplicaciones a la farmacia, la industria, la agricultura y el comercio... |
| 260 ## - PUBLICACIÓN, DISTRIBUCIÓN, ETC. | |
| Lugar de publicación, distribución, etc. | Madrid : |
| Nombre del editor, distribuidor, etc. | Tip. Fortanet, |
| Fecha de publicación, distribución, etc. | 1867-1868. |
| 300 ## - DESCRIPCIÓN FÍSICA | |
| Extensión | 2 v. ; |
| Dimensiones | 25 cm. |
| 310 ## - PERIODICIDAD ACTUAL | |
| Periodicidad actual | Mensual |
| 362 0# - FECHAS DE PUBLICACIÓN Y/O DESIGNACIÓN SECUENCIAL | |
| Fecha de publicación y/o designación secuencial | 1867-1868. |
| 650 17 - PUNTO DE ACCESO ADICIONAL DE MATERIA--TÉRMINO DE MATERIA | |
| Término de materia o nombre geográfico como elemento de entrada | Química |
| Fuente del encabezamiento o término | embne |
| 9 (RLIN) | 16625 |
| 650 14 - PUNTO DE ACCESO ADICIONAL DE MATERIA--TÉRMINO DE MATERIA | |
| Término de materia o nombre geográfico como elemento de entrada | Farmacología. |
| 9 (RLIN) | 12725 |
| 852 ## - LOCALIZACIÓN | |
| Ubicación | ES-MaACL |
| Número de control de estantería | Hem-256 |
| 866 #0 - MENCIÓN TEXTUAL DE FONDOS--UNIDAD BIBLIOGRÁFICA BÁSICA | |
| Fondos | 1867-68 |
| 942 ## - ELEMENTOS DE ENTRADA SECUNDARIOS (KOHA) | |
| Fuente del sistema de clasificación o colocación | Clasificación decimal universal |
| Estatus retirado | Estado de pérdida | Fuente del sistema de clasificación o colocación | Estado de daño | No para préstamo | Colección | Biblioteca de origen | Biblioteca actual | Ubicación en estantería | Fecha de adquisición | Total de préstamos | Signatura topográfica completa | Código de barras | Visto por última vez | Precio de reemplazo | Tipo de ítem Koha |
|---|---|---|---|---|---|---|---|---|---|---|---|---|---|---|---|
| Clasificación decimal universal | Periódicos y Revistas | Biblioteca del Ateneo de Madrid | Biblioteca del Ateneo de Madrid | Depósito 1 | 17/01/2008 | HEM-256 | 1000143 | 23/02/2023 | 23/02/2023 | Revista |
